पत्र, भाषण और विचार / (Record no. 55613)

MARC details
000 -LEADER
fixed length control field 04931nam a22004697a 4500
005 - DATE AND TIME OF LATEST TRANSACTION
control field 20110818145351.0
010 ## - LCCN (DPL NO)
LC control number B-442128-144
020 ## - INTERNATIONAL STANDARD BOOK NUMBER
International Standard Book Number 9788190892797
Terms of availability 200.00
035 ## - SYSTEM CONTROL NUMBER
System control number B-442128-144
037 ## - SOURCE OF ACQUISITION
Source of stock number/acquisition बल्यूबेरी/
082 ## - DEWEY DECIMAL CLASSIFICATION NUMBER
Classification number 181.46
100 ## - MAIN ENTRY--PERSONAL NAME
Personal name विवेकानन्द
245 ## - TITLE STATEMENT
Title पत्र, भाषण और विचार /
Statement of responsibility, etc विवेकानन्द
246 ## - VARYING FORM OF TITLE
Title proper/short title Patra, Bhashan or Vichar
Remainder of title by Vivekanand
260 ## - PUBLICATION, DISTRIBUTION, ETC. (IMPRINT)
Place of publication, distribution, etc हापुड़
Name of publisher, distributor, etc काव्य प्रकाशन
Date of publication, distribution, etc 2011
270 ## - ADDRESS
Address रेवती कुंज
City हापुड़
Postal code 245101
300 ## - PHYSICAL DESCRIPTION
Extent 128पृ
Dimensions 22सेमी (सजिल्द)
650 ## - SUBJECT ADDED ENTRY--TOPICAL TERM
Topical term following geographic name as entry element हिन्दी निबन्ध
650 ## - SUBJECT ADDED ENTRY--TOPICAL TERM
Topical term following geographic name as entry element Hindi Nibandha
700 ## - ADDED ENTRY--PERSONAL NAME
9 (RLIN) 7228
700 ## - ADDED ENTRY--PERSONAL NAME
9 (RLIN) 7267
700 ## - ADDED ENTRY--PERSONAL NAME
9 (RLIN) 7698
942 ## - ADDED ENTRY ELEMENTS (KOHA)
Institution code [OBSOLETE] dpl
Item type Hindi Books
Call number prefix
Source of classification or shelving scheme Dewey Decimal Classification
Call number suffix विवेका
Classification part 181.46
Holdings
Withdrawn status Lost status Not for loan Collection code Home library Current library Date acquired Source of acquisition Cost, normal purchase price Full call number Barcode Copy number Cost, replacement price Koha item type
      Non-fiction Bawana Bawana 18/08/2011 बल्यूबेरी/6677/30.5.2011/79/15.3.11/13.711 200.00 181.46 विवेका B-442142 1 200.00 Hindi Books
      Non-fiction Central Library Central Library 18/08/2011 बल्यूबेरी/6677/30.5.2011/79/15.3.11/13.711 200.00 181.46 विवेका B-442128 200.00 200.00 Hindi Books
      Non-fiction Central Library Central Library 18/08/2011 बल्यूबेरी/6677/30.5.2011/79/15.3.11/13.711 200.00 181.46 विवेका B-442129 2 200.00 Hindi Books
      Non-fiction Karol Bagh Karol Bagh 18/08/2011 बल्यूबेरी/6677/30.5.2011/79/15.3.11/13.711 200.00 181.46 विवेका B-442139 1 200.00 Hindi Books
      Non-fiction Kasturba Gandhi Marg Kasturba Gandhi Marg 18/08/2011 बल्यूबेरी/6677/30.5.2011/79/15.3.11/13.711 200.00 181.46 विवेका B-442134 1 200.00 Hindi Books
      Non-fiction Mobile Library Mobile Library 18/08/2011 बल्यूबेरी/6677/30.5.2011/79/15.3.11/13.711 200.00 181.46 विवेका B-442130 2 200.00 Hindi Books
      Non-fiction Mobile Library Mobile Library 18/08/2011 बल्यूबेरी/6677/30.5.2011/79/15.3.11/13.711 200.00 181.46 विवेका B-442131 2 200.00 Hindi Books
      Non-fiction Narela Narela 18/08/2011 बल्यूबेरी/6677/30.5.2011/79/15.3.11/13.711 200.00 181.46 विवेका B-442141 1 200.00 Hindi Books
      Non-fiction New Police Line New Police Line 18/08/2011 बल्यूबेरी/6677/30.5.2011/79/15.3.11/13.711 200.00 181.46 विवेका B-442132 1 200.00 Hindi Books
      Non-fiction New Rohtak Road New Rohtak Road 18/08/2011 बल्यूबेरी/6677/30.5.2011/79/15.3.11/13.711 200.00 181.46 विवेका B-442140 1 200.00 Hindi Books
      Non-fiction Patel Nagar Patel Nagar 18/08/2011 बल्यूबेरी/6677/30.5.2011/79/15.3.11/13.711 200.00 181.46 विवेका B-442133 1 200.00 Hindi Books
      Non-fiction Peshwa Road Peshwa Road 18/08/2011 बल्यूबेरी/6677/30.5.2011/79/15.3.11/13.711 200.00 181.46 विवेका B-442135 1 200.00 Hindi Books
      Non-fiction Sarojini Nagar Sarojini Nagar 18/08/2011 बल्यूबेरी/6677/30.5.2011/79/15.3.11/13.711 200.00 181.46 विवेका B-442136 2 200.00 Hindi Books
      Non-fiction Sarojini Nagar Sarojini Nagar 18/08/2011 बल्यूबेरी/6677/30.5.2011/79/15.3.11/13.711 200.00 181.46 विवेका B-442137 2 200.00 Hindi Books
      Non-fiction Shahdara Branch Shahdara Branch 18/08/2011 बल्यूबेरी/6677/30.5.2011/79/15.3.11/13.711 200.00 181.46 विवेका B-442143 1 200.00 Hindi Books
      Non-fiction Vinoba Puri Vinoba Puri 18/08/2011 बल्यूबेरी/6677/30.5.2011/79/15.3.11/13.711 200.00 181.46 विवेका B-442138 1 200.00 Hindi Books
      Non-fiction Yojana Vihar Yojana Vihar 18/08/2011 बल्यूबेरी/6677/30.5.2011/79/15.3.11/13.711 200.00 181.46 विवेका B-442144 1 200.00 Hindi Books

© Delhi Public Library
Hit Counter
free hit counter